History Quiz

Random History or Country Quiz

Flags of the World (1885) Quiz Stats

 Plays Quiz not verified by Sporcle

Score 0/88 Timer 13:00
1 Play Today
Hint Answer % Correct
United States
83.6%
United Kingdom
82.7%
Japan
82.1%
Switzerland
80.8%
France
80%
Korea
80%
Spain
77.8%
Argentina
77.4%
Mexico
77.1%
Nepal
76.5%
Denmark
76.2%
Belgium
76.1%
Chile
71.6%
Netherlands
71.4%
Romania
70.2%
Uruguay
70.1%
Colombia, Ecuador
67.5%
Italy
67.4%
Norway
66.1%
Cambodia
66%
Bulgaria
65.3%
Peru
64.5%
Liberia
63.1%
Luxembourg
62.6%
Honduras
62.5%
Sweden
62.1%
Tunisia
61.4%
Brazil
61.1%
Venezuela
61%
San Marino
59.3%
Hint Answer % Correct
Serbia
59.2%
Ottoman Empire
58.1%
Andorra
57.2%
Hungary
56.1%
Guatemala
55.6%
Monaco
55.2%
Paraguay
54.5%
Haiti
54.2%
Tonga
53.6%
Costa Rica
52.6%
Portugal
49.2%
Germany
48.3%
Bolivia
47.7%
China
45.2%
Canada
44.3%
Greece
43%
Hawaiʻi
42%
Montenegro
40.2%
Siam
35.4%
Liechtenstein
31.9%
Bahrain
31.6%
Qatar
31%
Dominican Republic
29.1%
Austria
28.6%
Russia
25.2%
Persia
24.6%
Orange Free State
21.8%
Egypt
17.6%
Congo Free State
17.6%
Najd
14.8%
Hint Answer % Correct
Ethiopia
12.4%
Transvaal
12.4%
Afghanistan
11.5%
Sikkim
11.4%
Burma
10.6%
El Salvador
10.1%
Muscat & Oman
9.7%
Brunei
9.2%
Sarawak
8.7%
Morocco
8.1%
Tripolitania
7.9%
Trucial States
7.7%
Nicaragua
6.2%
Haʾil
6%
Moresnet
6%
Johor
4.9%
Luang Prabang
4.4%
Samos
4.2%
Zanzibar
4.1%
Kuwait
4%
Champasak
3.6%
Bora Bora
3.4%
Stellaland
3.4%
Maldives
3.2%
Sokoto
2.7%
Rarotonga
2.7%
Negeri Sembilan
2.1%
Pahang
1.9%

You're not logged in!

Compare scores with friends on all Sporcle quizzes.
OR
Log In

Sporcle TV

Today on Sporcle TV


Watch our educational content, quiz creation guides, and fun videos on Sporcle TV.

Show Comments

Extras

Top Quizzes Today


Score Distribution

Your Account Isn't Verified!

In order to create a playlist on Sporcle, you need to verify the email address you used during registration. Go to your Sporcle Settings to finish the process.

Report this User

Report this user for behavior that violates our Community Guidelines.

Details: